| 000 | 02096cam a2200373 a 4500 | ||
|---|---|---|---|
| 001 | 14433547 | ||
| 003 | OSt | ||
| 005 | 20140310182656.0 | ||
| 008 | 060630s2006 miub 001 0 eng | ||
| 010 | _a 2006021875 | ||
| 020 | _a0802863221 (pbk. : alk. paper) | ||
| 020 | _a9780802863225 (pbk. : alk. paper) | ||
| 035 | _a(OCoLC)ocm70334985 | ||
| 035 | _a(OCoLC)70334985 | ||
| 040 |
_aDLC _cDLC _dYDX _dBAKER _dHNW _dDLC |
||
| 050 | 0 | 0 |
_aBS 511.3 _b.C43 2006 |
| 082 | 0 | 0 |
_aM 220.9 _bC43 2006 |
| 100 | 1 |
_aChatham, James O., _d1937- |
|
| 245 | 1 | 0 |
_aCreation to Revelation : _ba brief account of the biblical story / _cChatha, James O. |
| 260 |
_aGrand Rapids, Mich. : _bWilliam B. Eerdmans Pub. Co., _cc2006. |
||
| 300 |
_avi, 186 p. : _bmaps ; _c23 cm. |
||
| 500 | _aIncludes index. | ||
| 505 | 0 | _aContours of the land -- Contours of the mind -- The beginning : good! -- Not so good -- The patriarchs -- Exodus and wilderness -- The promised land -- Era of the judges -- The united monarchy -- The beginning of the divided monarchy -- Great struggle and great hope -- Reform, destruction, and exile -- Return -- Reconstitution and beyond -- King of the Jews -- The Gospel of Matthew -- The Gospel of Mark -- The Gospel of Luke -- The Gospel of John -- The resurrection -- The early church -- The apostle Paul -- The destruction of Jerusalem and the Revelation -- The whole story's meaning : Psalm 90 -- One story : God's call -- Appendix A : chronology of the Bible's story -- Appendix B : daily Bible readings. | |
| 521 | _a College Students | ||
| 526 | _c1210L to 1700L | ||
| 541 | _j1 | ||
| 562 | _efor circulation. 1 copy available in the collection | ||
| 630 | 0 | 0 |
_aBible _xCriticism, interpretation, etc. |
| 630 | 0 | 0 |
_aBible _xHistory of Biblical events. |
| 856 | 4 | 1 |
_3Table of contents only _uhttp://www.loc.gov/catdir/toc/ecip0616/2006021875.html |
| 906 |
_a7 _bcbc _corignew _d1 _eecip _f20 _gy-gencatlg |
||
| 942 |
_2lcc _cBK _kM |
||
| 999 |
_c15114 _d15114 |
||